2018 world cup results - Click Quiz - Statistics

General Stats
  • This quiz has been taken 45 times
  • The average score is 23 of 32
Answer Stats
Hint Answer % Correct
Croatia 2nd
92%
Saudi Arabia Group Stage
92%
Germany Group Stage
87%
France Winner
87%
Egypt Group Stage
85%
Iran Group Stage
85%
Belgium 3rd
82%
Panama Group Stage
82%
Costa Rica Group Stage
79%
Peru Group Stage
79%
Tunisia Group Stage
79%
Brazil Quarter-finals
79%
Morocco Group Stage
77%
Russia Quarter-finals
77%
Iceland Group Stage
74%
Nigeria Group Stage
74%
Serbia Group Stage
74%
Australia Group Stage
72%
Mexico Round of 16
72%
Portugal Round of 16
69%
Poland Group Stage
67%
Switzerland Round of 16
67%
England 4th
64%
South Korea Group Stage
64%
Senegal Group Stage
59%
Uruguay Quarter-finals
59%
Argentina Round of 16
59%
Spain Round of 16
59%
Colombia Round of 16
56%
Denemark Round of 16
54%
Japan Round of 16
51%
Sweden Quarter-finals
44%
No matching quizzes found
Score Distribution
Percent of People with Each Score
Percentile by Number Answered
Your Score History
You have not taken this quiz